000 00678cam a22002292 4500
001 0000004680
005 20151217145821.0
008 070528s xx 000 0 eng d
020 _a0878934030 :
_cKES 61.99
040 _aKABU
_cKABU
050 0 _aQK95
_b.P53 2002
245 1 0 _aPlant Systematics :
_ba Phlogenetic approach /
_cWalter S. Judd ... [et al.]
250 _a2nd ed.
260 _aSunderland, MA :
_bSinauer,
_c2002.
300 _axvi, 576 p.
650 0 _aBotany
_xClassification.
_@0000155371
700 1 _aJudd, Walter S.
_@0000155372
908 _a070528
950 _@1
999 _c2870
_d2870